Formel-1 Fahrer die mit Ferrari die Konstruktuers-WM gewannen - Statistiken

Allgemein
  • Dieses Quiz wurde 37 mal gespielt
  • Das Durchschnittsergebnis liegt bei 22 aus 44
Antwortstatistiken
Jahr Fahrer % Korrekt
2004 Michael Schumacher
100%
2003 Michael Schumacher
100%
2002 Michael Schumacher
100%
2001 Michael Schumacher
100%
2000 Michael Schumacher
100%
1999 Michael Schumacher
100%
2008 Felipe Massa
91%
2007 Felipe Massa
91%
1977 Niki Lauda
84%
1976 Niki Lauda
84%
1975 Niki Lauda
84%
2008 Kimi Räikkönen
81%
2007 Kimi Räikkönen
81%
2004 Rubens Barichello
78%
2003 Rubens Barichello
78%
2002 Rubens Barichello
78%
2001 Rubens Barichello
78%
2000 Rubens Barichello
78%
1961 Phil Hill
72%
1999 Eddie Irvine
53%
1979 Jody Scheckter
53%
1976 Clay Regazzoni
44%
1975 Clay Regazzoni
44%
1982 Gilles Villeneuve
41%
1979 Gilles Villeneuve
41%
1977 Gilles Villeneuve
41%
1982 Mario Andretti
31%
1964 John Surtees
28%
1999 Mika Salo
28%
1961 Wolfgang von Trips
28%
1977 Carlos Reutemann
22%
1976 Carlos Reutemann
22%
1982 Didier Pironi
16%
1983 René Arnoux
13%
1983 Patrick Tambay
9%
1982 Patrick Tambay
9%
1964 Lorenzo Bandini
3%
1961 Giancarlo Baghetti
0%
1964 Ludovico Scarfiotti
0%
1961 Olivier Gendebien
0%
1964 Pedro Rodriguez
0%
1961 Ricardo Rodríguez
0%
1961 Richie Ginther
0%
1961 Willy Mairesse
0%
Keine übereinstimmenden Quizze gefunden
Verteilung der Resultate
Anzahl Personen mit jedem Resultat
Perzentil nach korrekt beantworteten Fragen
Ihre Resultats-Entwicklung
Sie haben dieses Quiz noch nicht gespielt